Loading...

മനസ്സ് മറ നീക്കുമ്പോൾ

Bibliographic Details
Main Author: രാമചന്ദ്രൻ, വി.എസ്
Other Authors: Ramachandran, V.S
Format: Printed Book
Published: Kottaym DC 2015
Subjects:
LEADER 00580nam a22001577a 4500
020 |a 9788126465989 
082 |a M612.8  |b RAM/M 
100 |a രാമചന്ദ്രൻ, വി.എസ്. 
245 |a മനസ്സ് മറ നീക്കുമ്പോൾ  
260 |a Kottaym  |b DC  |c 2015 
300 |a 206p. 
650 |a Manassu mara neekkumbol 
700 |a Ramachandran, V.S. 
942 |c BK 
999 |c 43780  |d 43780 
952 |0 0  |1 0  |4 0  |6 M_612_800000000000000_RAMM  |7 0  |8 Stack  |9 47754  |a KUCL  |b KUCL  |c Stack  |d 2017-06-27  |g 180.00  |l 2  |o M612.8 RAM/M  |p 44770  |r 2019-01-14  |s 2018-12-13  |w 2017-06-27  |y BK